| 000 | 00259 a2200121 4500 | ||
|---|---|---|---|
| 999 |
_c298625 _d298625 |
||
| 001 | 63552 | ||
| 003 | NUST | ||
| 005 | 20180119110627.0 | ||
| 008 | 180119b xxu||||| |||| 00| 0 eng d | ||
| 082 | _a370/ASH | ||
| 100 |
_aAshfaq Ahmad _93162 |
||
| 245 | _aZavia vol; 2 | ||
| 260 |
_aLahore _bSang-e-Meel _c2006 |
||
| 300 | _a320P. | ||
| 942 |
_aNUST-CAE _cBK _k370/ASH _2ddc |
||